| 000 | 00792nam a2200301Ia 4500 | ||
|---|---|---|---|
| 001 | 5449 | ||
| 003 | IT-RoPAU | ||
| 008 | 130308s9999 xx 000 0 und d | ||
| 040 | _aIT-RoPAU | ||
| 040 | _cIT-RoPAU | ||
| 041 | _aITALIANO | ||
| 100 | _aBinaghi Walter | ||
| 100 | _gCodice Aut. SPICS: 9155 | ||
| 245 | _aLou Reed | ||
| 245 | _bEroi e Canaglie nella Musica Pop | ||
| 250 | _a1a ed. | ||
| 260 | _aROMA | ||
| 260 | _bArcana | ||
| 260 | _c1979 [1° Ed.:1979 - Ed.Ling.Originale:1979] | ||
| 300 | _a"26 p. (prefazione: no ; testo: 26 [pagine: 45-70])" | ||
| 500 | _aVelvet Underground carriera Solistica Discografia di Lou Reed | ||
| 650 | _aGENERI MUSICALI | ||
| 650 | _eCodice materia Spics: 7010 | ||
| 942 | _cBK | ||
| 957 | _71 | ||
| 999 |
_c59409 _d59409 |
||
| 999 | _bSI | ||
| 999 | _g1 | ||